|
|
|
|
| LEADER |
00000nam a2200000 a 4500 |
| 001 |
UCX7889 |
| 003 |
CL-VaPUC |
| 008 |
940111e19880000MX |||||||||||||||||spa|d |
| 082 |
0 |
4 |
|a 304.28
|b ALB
|2 21
|
| 100 |
0 |
|
|a Albert, Lilia A
|e author
|9 324843
|
| 245 |
1 |
0 |
|a Curso básico de toxicología ambiental
|
| 246 |
1 |
0 |
|a Toxicología ambiental
|
| 250 |
|
|
|a 2a. ed
|
| 300 |
|
|
|a 311 p
|
| 942 |
|
|
|c BK
|
| 945 |
|
|
|d 19940111 00:00:00
|a mfernand
|
| 260 |
|
|
|a Ciudad de México
|b Limusa
|c 1988
|
| 650 |
|
7 |
|a CONTAMINIACION ASPECTOS AMBIENTALES
|2 CL-VaPUC
|9 324844
|
| 650 |
|
0 |
|a Medio ambiente
|9 257625
|
| 650 |
|
0 |
|a Protección del medio ambiente
|9 257626
|
| 583 |
|
|
|a last modification
|c 19940111 00:00:00
|k Rodrigo Vera
|
| 999 |
|
|
|c 227567
|d 227565
|
| 952 |
|
|
|0 0
|1 0
|4 0
|6 304_280000000000000_ALB_1988
|7 0
|8 A
|9 226678
|a BIBALI
|b BIBALI
|d 2019-11-15
|i 2957787
|o 304.28 ALB 1988
|p 2957787
|r 2025-01-20
|w 2019-11-15
|y BK
|k ALI
|